LEADER 01173nam2 22002533i 450 001 SUN0085183 005 20110912024054.390 100 $a20110912d1914 |0itac50 ba 101 $aita 102 $aIT 105 $a|||| ||||| 200 1 $aˆ1: ‰Introduzione, il diritto amministrativo obbiettivo$ele fonti, contenuto, efficacia ed applicazione del diritto obbiettivo$fFederico Cammeo 210 $aPadova$cLa Litotipo$d1914 215 $a654 p.$d25 cm - Fondo Salvatore Biggiero. 461 1$1001SUN0083701$12001 $aCorso di diritto amministrativo$fFederico Cammeo$v1$1210 $aPadova$cLa Litotipo$d1914. 620 $dPadova$3SUNL000007 700 1$aCammeo$b, Federico$3SUNV036352$0231090 712 $aLa litotipo$3SUNV004957$4650 801 $aIT$bSOL$c20181109$gRICA 912 $aSUN0085183 950 $aUFFICIO DI BIBLIOTECA DEL DIPARTIMENTO DI GIURISPRUDENZA$d00 CONS FB.IV.94 (1) $e00 FB 4483 995 $aUFFICIO DI BIBLIOTECA DEL DIPARTIMENTO DI GIURISPRUDENZA$gFB$h4483$kCONS FB.IV.94 (1)$op$qa 996 $aIntroduzione, il diritto amministrativo obbiettivo$91435200 997 $aUNICAMPANIA